| 000 | 00846nam a2200229 a 4500 | ||
|---|---|---|---|
| 001 | 74120 | ||
| 003 | BD-RjUL | ||
| 005 | 20211209082510.0 | ||
| 008 | 180304s1975 bg 00| 0 ben | ||
| 035 | _a(BD-RjUL)74338 | ||
| 040 |
_aBD-RjUL _cBD-RjUL _dBD-RjUL _bben |
||
| 041 | _aben | ||
| 082 | 0 | 0 |
_a954.92 _bUMJ 1975 |
| 100 | 1 |
_aউমর, বদরুদ্দীন _9116667 |
|
| 245 | 1 |
_aযুদ্ধোত্তর বাঙলাদেশ / _cবদরুদ্দীন উমর |
|
| 260 |
_aঢাকা : _bমুক্তধারা, _c১৯৭৫ |
||
| 300 |
_a৮, ১৬৬ পৃ. ; _c২২ সেমি. |
||
| 350 | _a28/- | ||
| 651 |
_aবাংলাদেশ _xরাজনীতি এবং সরকার _9220346 _y১৯৭১ |
||
| 651 |
_aBangladesh _xPolitics and government _y1971- _9220347 |
||
| 942 |
_2ddc _cBK _01 |
||
| 999 |
_c74120 _d74120 |
||